[Event "4NCL Division 1a"]
[Site "Hinckley Island ENG"]
[Date "2014.01.11"]
[Round "3.111"]
[White "Gormally, Daniel W"]
[Black "Jones, Gawain CB"]
[Result "1-0"]
[WhiteElo "2500"]
[BlackElo "2654"]
[PlyCount "149"]
[EventDate "2014.01.11"]
[WhiteTeam "Blackthorne Russia"]
[BlackTeam "Guildford 1"]

1. e4 c5 2. Nf3 Nc6 3. c3 d5 4. exd5 Qxd5 5. d4 Bf5 6. Be3 cxd4 7. Nxd4 e6 8.
Nd2 Nge7 9. Qb3 Nxd4 10. Bxd4 a6 11. Be2 Nc6 12. Qxd5 exd5 13. Bb6 Bd6 14. O-O
O-O 15. Rfd1 Bc2 16. Rdc1 Bf5 17. Nf1 Bf4 18. Rd1 Rfe8 19. Be3 Rad8 20. Bxf4
Rxe2 21. Ng3 Re4 22. Nxe4 Bxe4 23. Rd2 f6 24. Rad1 g5 25. Bg3 d4 26. f3 Bd5 27.
Bf2 Bxa2 28. Bxd4 Kf7 29. Bb6 Rxd2 30. Rxd2 Ke6 31. Bc5 Bd5 32. Re2+ Kf7 33. b3
Be6 34. c4 h5 35. h4 gxh4 36. Kh2 Bf5 37. Bf2 h3 38. gxh3 Ne5 39. Kg3 Bd7 40.
h4 Kg6 41. Bd4 Nc6 42. Bc3 Kf7 43. Rd2 Be6 44. Kf4 Ke7 45. Ke4 Kf7 46. f4 Ne7
47. Rd8 Nf5 48. Be1 Ne7 49. Bc3 Nf5 50. Rb8 Bd7 51. Be1 Ne7 52. Kd3 Bc6 53. Kd4
Ng6 54. Bg3 Ke6 55. Kc5 Kf5 56. Kb6 Kg4 57. Bf2 Kf3 58. Bd4 Nxh4 59. Bxf6 Nf5
60. Rxb7 Bxb7 61. Kxb7 Kxf4 62. Kxa6 Ke4 63. b4 Ne3 64. Kb5 Kf5 65. Bh4 Ke6 66.
Bf2 Ng4 67. Bg3 Nf6 68. Kc6 Ne4 69. b5 Nxg3 70. b6 h4 71. b7 h3 72. b8=Q h2 73.
Qg8+ Kf5 74. Qh7+ Ke6 75. Qxh2 1-0

[Event "4NCL Division 1a"]
[Site "Hinckley Island ENG"]
[Date "2014.01.11"]
[Round "3.112"]
[White "Edouard, Romain"]
[Black "Hunt, Adam C"]
[Result "1-0"]
[WhiteElo "2658"]
[BlackElo "2448"]
[PlyCount "87"]
[EventDate "2014.01.11"]
[WhiteTeam "Guildford 1"]
[BlackTeam "Blackthorne Russia"]

1. d4 Nf6 2. c4 g6 3. f3 Bg7 4. e4 d6 5. Nc3 O-O 6. Be3 Nc6 7. Nge2 a6 8. Qd2
Rb8 9. Rc1 Bd7 10. Nd1 e6 11. Nf2 b5 12. c5 Re8 13. Nd3 b4 14. g3 a5 15. Bg2
Ne7 16. O-O Bb5 17. Rfd1 Nd7 18. b3 Nc6 19. h3 dxc5 20. Nxc5 Nxc5 21. Rxc5 Bxe2
22. Qxe2 Nxd4 23. Qc4 e5 24. f4 Qe7 25. Bxd4 exd4 26. e5 Red8 27. Rxc7 Qe6 28.
Rxd4 Qxc4 29. Rcxc4 g5 30. Kf2 Rxd4 31. Rxd4 Rc8 32. Bf1 Rc2+ 33. Kf3 gxf4 34.
gxf4 Rxa2 35. Bc4 Rh2 36. Rd7 Rxh3+ 37. Kg4 Rc3 38. Bxf7+ Kf8 39. Bd5 Rc5 40.
Kf5 Bh6 41. Kf6 Ke8 42. Rd6 Rc8 43. e6 Bxf4 44. Bc6+ 1-0

[Event "4NCL Division 1a"]
[Site "Hinckley Island ENG"]
[Date "2014.01.11"]
[Round "3.113"]
[White "Hunt, Harriet V"]
[Black "Short, Nigel D"]
[Result "0-1"]
[WhiteElo "2446"]
[BlackElo "2683"]
[PlyCount "98"]
[EventDate "2014.01.11"]
[WhiteTeam "Blackthorne Russia"]
[BlackTeam "Guildford 1"]

1. e4 e5 2. Nf3 Nc6 3. Bb5 a6 4. Ba4 d6 5. O-O Bd7 6. d4 exd4 7. Nxd4 b5 8.
Nxc6 Bxc6 9. Bb3 Nf6 10. c4 b4 11. f3 a5 12. Ba4 Qd7 13. Bxc6 Qxc6 14. Qe2 Be7
15. Be3 O-O 16. Nd2 a4 17. Rac1 Nd7 18. Rfd1 Bf6 19. Nf1 Rfe8 20. Qf2 Nc5 21.
Rd5 a3 22. b3 Nxb3 23. axb3 a2 24. Bd4 a1=Q 25. Rxa1 Rxa1 26. Bxf6 gxf6 27. Qd4
Qb6 28. Qxb6 cxb6 29. Kf2 Ra2+ 30. Nd2 f5 31. exf5 Re5 32. Rxd6 Rxf5 33. g4 Re5
34. f4 Re8 35. g5 Rc2 36. Kf3 Re1 37. f5 Rd1 38. Ke3 Rc3+ 39. Kf4 Kf8 40. f6
Ke8 41. Rd5 Rh3 42. c5 bxc5 43. Re5+ Kd7 44. Re7+ Kc6 45. Kg4 Rxh2 46. Nf3 Rg2+
47. Kh3 Rb2 48. Ne5+ Kd5 49. Nxf7 Rxb3+ 0-1

[Event "4NCL Division 1a"]
[Site "Hinckley Island ENG"]
[Date "2014.01.11"]
[Round "3.114"]
[White "Van Kampen, Robin"]
[Black "Ledger, Andrew J"]
[Result "1/2-1/2"]
[WhiteElo "2602"]
[BlackElo "2382"]
[PlyCount "51"]
[EventDate "2014.01.11"]
[WhiteTeam "Guildford 1"]
[BlackTeam "Blackthorne Russia"]

1. e4 e6 2. d3 c5 3. Nf3 Nc6 4. g3 g6 5. Bg2 Bg7 6. Qe2 Nge7 7. O-O Nd4 8. Nxd4
cxd4 9. Nd2 d6 10. f4 O-O 11. e5 Nf5 12. Nf3 h5 13. Ng5 dxe5 14. fxe5 Qc7 15.
Re1 Bd7 16. g4 hxg4 17. Qxg4 Bh6 18. Ne4 Bxc1 19. Raxc1 Qxe5 20. Qg5 Kg7 21.
Ng3 Qd6 22. Nh5+ Kh7 23. Nf6+ Kg7 24. Nh5+ Kh7 25. Nf6+ Kg7 26. Nh5+ 1/2-1/2

[Event "4NCL Division 1a"]
[Site "Hinckley Island ENG"]
[Date "2014.01.11"]
[Round "3.115"]
[White "Duncan, Chris R"]
[Black "Hebden, Mark L"]
[Result "0-1"]
[WhiteElo "2321"]
[BlackElo "2551"]
[PlyCount "76"]
[EventDate "2014.01.11"]
[WhiteTeam "Blackthorne Russia"]
[BlackTeam "Guildford 1"]

1. Nf3 d6 2. d4 g6 3. c4 Bg7 4. e4 e5 5. dxe5 dxe5 6. Qxd8+ Kxd8 7. Nc3 f6 8.
Be2 Be6 9. h4 h5 10. Be3 Nd7 11. O-O Bh6 12. Bxh6 Nxh6 13. b4 c6 14. Nd2 Ke7
15. Nb3 b6 16. Rfd1 Rhd8 17. Rd2 Nf7 18. Rad1 Nf8 19. g3 Rxd2 20. Rxd2 Nd7 21.
Rc2 Nd8 22. f3 Nb7 23. Kf2 a5 24. b5 cxb5 25. cxb5 Ndc5 26. Nxc5 Nxc5 27. Ke3
Rd8 28. Rd2 Rc8 29. Bd1 Bc4 30. Nd5+ Bxd5 31. Rxd5 Ne6 32. Rd2 Rc3+ 33. Rd3 Rc1
34. Kd2 Ra1 35. Bb3 Nc5 36. Rc3 Rg1 37. Ke3 Rxg3 38. Kf2 Nxe4+ 0-1

[Event "4NCL Division 1a"]
[Site "Hinckley Island ENG"]
[Date "2014.01.11"]
[Round "3.117"]
[White "Nelson, Jonathan P"]
[Black "Sarakauskas, Gediminas"]
[Result "0-1"]
[WhiteElo "2243"]
[BlackElo "2400"]
[PlyCount "102"]
[EventDate "2014.01.11"]
[WhiteTeam "Blackthorne Russia"]
[BlackTeam "Guildford 1"]

1. e4 e5 2. Nf3 Nc6 3. Bc4 Bc5 4. O-O Nf6 5. d4 Bxd4 6. Nxd4 Nxd4 7. f4 d6 8.
fxe5 dxe5 9. Bg5 Be6 10. Na3 Qe7 11. c3 Bxc4 12. Nxc4 Ne6 13. Bxf6 Qc5+ 14. Kh1
Qxc4 15. Bxe5 Rd8 16. Qg4 Rd2 17. b3 Qe2 18. Qxe2 Rxe2 19. Rfe1 Rxe1+ 20. Rxe1
Ke7 21. Rd1 f6 22. Bg3 Rd8 23. Rd5 c6 24. Rxd8 Kxd8 25. Bf2 Kc7 26. Be3 Kd6 27.
Bxa7 Ke5 28. Kg1 Kxe4 29. Kf2 Kd3 30. c4 Kc3 31. Ke3 f5 32. Bb8 Kb2 33. Bd6
Kxa2 34. b4 Kb3 35. Kd3 b5 36. cxb5 cxb5 37. g3 g5 38. Be7 g4 39. Bc5 Nd8 40.
Bd6 Nc6 41. Ke3 Nxb4 42. Kf4 Nd3+ 43. Kxf5 h5 44. Kg5 Kc4 45. Kxh5 Nf2 46. Kg6
b4 47. Kf5 b3 48. Ba3 Kc3 49. Kf4 Kc2 50. Ke3 Nd1+ 51. Kd4 Nc3 0-1

[Event "4NCL Division 1a"]
[Site "Hinckley Island ENG"]
[Date "2014.01.11"]
[Round "3.118"]
[White "Ciuksyte, Dagne"]
[Black "Ledger, Stephen C"]
[Result "1-0"]
[WhiteElo "2357"]
[BlackElo "2081"]
[PlyCount "79"]
[EventDate "2014.01.11"]
[WhiteTeam "Guildford 1"]
[BlackTeam "Blackthorne Russia"]

1. Nf3 d5 2. b3 c5 3. e3 Nc6 4. Bb2 Nf6 5. Be2 e6 6. O-O Be7 7. d4 cxd4 8. exd4
O-O 9. c4 b6 10. Nc3 Bb7 11. Rc1 Rc8 12. Qd3 Ba6 13. Nb5 Nb4 14. Qb1 dxc4 15.
bxc4 Bxb5 16. cxb5 Qd6 17. Ne5 Nbd5 18. g3 Nd7 19. Bd3 g6 20. Nc6 Bg5 21. Rc4
a5 22. Qc2 Nb8 23. Be4 Nxc6 24. bxc6 Rc7 25. Qb3 Be7 26. Rfc1 Rfc8 27. Qb5 f5
28. Bxd5 exd5 29. R4c3 Rb8 30. Ba3 Qf6 31. Qxd5+ Kg7 32. Bxe7 Qxe7 33. Re3 Qf7
34. Qe5+ Kg8 35. d5 Rbc8 36. a4 h6 37. h4 Qg7 38. d6 Rxc6 39. Rxc6 Rxc6 40.
Qd5+ 1-0

[Event "4NCL Division 1a"]
[Site "Hinckley Island ENG"]
[Date "2014.01.11"]
[Round "3.121"]
[White "Buchicchio, Giampaolo"]
[Black "Williams, Samuel G"]
[Result "1-0"]
[WhiteElo "2342"]
[BlackElo "2267"]
[PlyCount "59"]
[EventDate "2014.01.11"]
[WhiteTeam "Barbican 4NCL 2"]
[BlackTeam "Grantham Sharks 1"]

1. e4 e5 2. d4 d6 3. Nf3 Nd7 4. Bc4 Be7 5. dxe5 Nb6 6. Bb3 dxe5 7. Qxd8+ Bxd8
8. Nxe5 Be6 9. Bf4 Nf6 10. Nd2 O-O 11. Bxe6 fxe6 12. Nd3 Ne8 13. O-O Rxf4 14.
Nxf4 Bg5 15. Nf3 e5 16. g3 Bxf4 17. gxf4 exf4 18. e5 h6 19. h4 g6 20. Rfe1 Ng7
21. Re4 Ne6 22. Nd4 Nxd4 23. Rxd4 g5 24. Rad1 Re8 25. Rd8 Kf7 26. Rxe8 Kxe8 27.
Kg2 Ke7 28. Kf3 Nc4 29. hxg5 hxg5 30. Kg4 1-0

[Event "4NCL Division 1a"]
[Site "Hinckley Island ENG"]
[Date "2014.01.11"]
[Round "3.122"]
[White "Grund, Holger"]
[Black "Dragicevic, Drazen"]
[Result "1-0"]
[WhiteElo "2430"]
[BlackElo "2299"]
[PlyCount "79"]
[EventDate "2014.01.11"]
[WhiteTeam "Grantham Sharks 1"]
[BlackTeam "Barbican 4NCL 2"]

1. e4 c5 2. Nf3 Nc6 3. Bb5 g6 4. O-O Bg7 5. Nc3 Nd4 6. Nxd4 cxd4 7. Ne2 e6 8.
c3 a6 9. Bd3 dxc3 10. dxc3 Ne7 11. Bg5 h6 12. Bh4 O-O 13. Qb3 g5 14. Bg3 e5 15.
Rfd1 d6 16. a4 Qc7 17. Bc4 Bd7 18. Qb4 Bc6 19. f3 Rad8 20. Bf2 Rd7 21. Bb6 Qb8
22. Rd2 Nc8 23. Be3 Rfd8 24. Rad1 Bf8 25. Qb3 b5 26. axb5 axb5 27. Bd5 Qb7 28.
Ng3 Nb6 29. Bxb6 Qxb6+ 30. Kf1 Rb7 31. Nf5 Bxd5 32. Rxd5 b4 33. c4 Qa6 34. Qd3
Rc8 35. b3 Rc5 36. Rxc5 dxc5 37. Qd8 Qb6 38. Qe8 Qe6 39. Qxf8+ Kxf8 40. Rd8+
1-0

[Event "4NCL Division 1a"]
[Site "Hinckley Island ENG"]
[Date "2014.01.11"]
[Round "3.123"]
[White "Morrison, Graham"]
[Black "Ghasi, Ameet K"]
[Result "0-1"]
[WhiteElo "2361"]
[BlackElo "2467"]
[PlyCount "190"]
[EventDate "2014.01.11"]
[WhiteTeam "Barbican 4NCL 2"]
[BlackTeam "Grantham Sharks 1"]

1. d4 g6 2. e4 Bg7 3. Nf3 d6 4. Be2 Nf6 5. Nc3 O-O 6. O-O a6 7. a4 b6 8. Re1
Bb7 9. Bf1 e6 10. Bf4 h6 11. h3 g5 12. Bh2 Nc6 13. Qd2 Ne7 14. a5 b5 15. e5
dxe5 16. dxe5 Qxd2 17. Nxd2 Nd7 18. Nde4 Ng6 19. Rad1 Rfd8 20. Rxd7 Rxd7 21.
Nc5 Bc6 22. Nxd7 Bxd7 23. Ne4 Bc6 24. Nc5 Bf8 25. Nd3 Rd8 26. Bg3 Bd5 27. f3 c5
28. Bf2 Rc8 29. c3 Bc4 30. g3 Bd5 31. Kg2 h5 32. g4 h4 33. Be3 c4 34. Nb4 Bxb4
35. cxb4 Nxe5 36. Kf2 f6 37. f4 gxf4 38. Bxf4 Nc6 39. Bd6 Rd8 40. Bc5 Kf7 41.
Rd1 e5 42. Ke3 Ke6 43. Rd2 Bh1 44. Rh2 Bd5 45. Rf2 Rg8 46. Kd2 Nd8 47. Be3 Nf7
48. Rf5 Rh8 49. Bc5 Ng5 50. Ke3 Rd8 51. Bb6 Rd7 52. Rf2 Ne4 53. Rc2 Ng3 54. Be2
Be4 55. Rc3 Bg2 56. b3 Ne4 57. Rc2 cxb3 58. Rb2 Ng5 59. Bxb5 axb5 60. Rxg2 Nxh3
61. Rb2 Kd5 62. Rxb3 Kc4 63. Rb1 Nf4 64. Ke4 Nd5 65. Kf5 Nxb4 66. Kxf6 e4 67.
g5 Nd5+ 68. Ke6 Nxb6 69. axb6 Rb7 70. Kf5 e3 71. Kf4 e2 72. Kf3 Rxb6 73. Kxe2
Rg6 74. Rc1+ Kd4 75. Rd1+ Kc3 76. Rc1+ Kb2 77. Rc5 b4 78. Rb5 b3 79. Kf3 Rc6
80. Kg4 Rc4+ 81. Kh3 Kc2 82. g6 b2 83. g7 Rc8 84. Kxh4 Rg8 85. Rc5+ Kd3 86. Rb5
Kc3 87. Rc5+ Kb4 88. Rc7 Rb8 89. Rb7+ Rxb7 90. g8=Q b1=Q 91. Qf8+ Kb3 92. Qg8+
Kc3 93. Qc8+ Kd2 94. Qd8+ Qd3 95. Qg5+ Kc3 0-1

[Event "4NCL Division 1a"]
[Site "Hinckley Island ENG"]
[Date "2014.01.11"]
[Round "3.124"]
[White "Roberson, Peter T"]
[Black "Poobalasingam, Peter S"]
[Result "1-0"]
[WhiteElo "2374"]
[BlackElo "2245"]
[PlyCount "87"]
[EventDate "2014.01.11"]
[WhiteTeam "Grantham Sharks 1"]
[BlackTeam "Barbican 4NCL 2"]

1. e4 e6 2. d4 d5 3. Nd2 Nf6 4. e5 Nfd7 5. f4 c5 6. Ngf3 cxd4 7. Nb3 Nc6 8.
Nfxd4 Nc5 9. Be3 Ne4 10. Bd3 f5 11. exf6 Nxf6 12. O-O Bd6 13. Qd2 O-O 14. Rae1
Ng4 15. Nxc6 bxc6 16. Bc5 Rb8 17. Bxd6 Qxd6 18. h3 Nf6 19. Qe3 Rb7 20. Rf2 Re8
21. c4 Qb4 22. Nc5 Rbe7 23. a3 Qb6 24. b4 a5 25. Qd2 Rd8 26. Na4 Qa7 27. bxa5
Red7 28. c5 Re7 29. Qb4 Ba6 30. Bc2 Bb5 31. Nb6 Rde8 32. Rf3 Qc7 33. Rfe3 Nh5
34. Re5 Ng3 35. R1e3 Ne2+ 36. Rxe2 Bxe2 37. Rxe2 e5 38. f5 e4 39. Qd4 Qf4 40.
Ba4 Qc1+ 41. Kh2 Qf1 42. Nxd5 Re5 43. Nc3 Qf4+ 44. g3 1-0

[Event "4NCL Division 1a"]
[Site "Hinckley Island ENG"]
[Date "2014.01.11"]
[Round "3.125"]
[White "Taylor, Martin R"]
[Black "Rendle, Thomas E"]
[Result "1/2-1/2"]
[WhiteElo "2325"]
[BlackElo "2384"]
[PlyCount "38"]
[EventDate "2014.01.11"]
[WhiteTeam "Barbican 4NCL 2"]
[BlackTeam "Grantham Sharks 1"]

1. c4 f5 2. g3 Nf6 3. Bg2 g6 4. Nc3 d6 5. d3 Bg7 6. e4 Nc6 7. Nge2 O-O 8. O-O
e5 9. Nd5 Ne7 10. Nxf6+ Bxf6 11. Bh6 Rf7 12. Qd2 Be6 13. b3 c6 14. Rae1 Qd7 15.
f4 Rd8 16. d4 fxe4 17. dxe5 dxe5 18. Qxd7 Rxd7 19. fxe5 Bxe5 1/2-1/2

[Event "4NCL Division 1a"]
[Site "Hinckley Island ENG"]
[Date "2014.01.11"]
[Round "3.126"]
[White "Sreeves, Clement"]
[Black "Berry, Neil"]
[Result "1/2-1/2"]
[WhiteElo "2254"]
[BlackElo "2227"]
[PlyCount "55"]
[EventDate "2014.01.11"]
[WhiteTeam "Grantham Sharks 1"]
[BlackTeam "Barbican 4NCL 2"]

1. e4 e5 2. Nf3 Nc6 3. Bc4 Bc5 4. O-O Nf6 5. d3 d6 6. c3 O-O 7. h3 a6 8. Bb3
Ba7 9. Bg5 h6 10. Bh4 Re8 11. Nh2 g5 12. Bg3 Ne7 13. Nd2 Ng6 14. Nc4 Be6 15.
Ne3 Qd7 16. Qf3 Kg7 17. Rad1 c5 18. Nhg4 Nxg4 19. hxg4 Ne7 20. Qe2 Bxb3 21.
axb3 Qe6 22. c4 f6 23. f3 Rh8 24. Kf2 Qf7 25. Rh1 h5 26. gxh5 Rxh5 27. Qd2 Bb6
28. Rxh5 1/2-1/2

[Event "4NCL Division 1a"]
[Site "Hinckley Island ENG"]
[Date "2014.01.11"]
[Round "3.127"]
[White "Coleman, David J"]
[Black "Foisor, Veronica"]
[Result "1-0"]
[WhiteElo "2221"]
[BlackElo "2259"]
[PlyCount "59"]
[EventDate "2014.01.11"]
[WhiteTeam "Barbican 4NCL 2"]
[BlackTeam "Grantham Sharks 1"]

1. e4 e6 2. d4 d5 3. Nc3 Bb4 4. e5 c5 5. a3 Bxc3+ 6. bxc3 Qa5 7. Bd2 Qa4 8. h4
Ne7 9. Nf3 b6 10. h5 h6 11. Rh4 c4 12. Rf4 Nbc6 13. Nh4 Bd7 14. g3 Rf8 15. Bh3
O-O-O 16. Qg4 f5 17. exf6 gxf6 18. Qg7 Qxc2 19. Rc1 Qb2 20. Rxf6 Rxf6 21. Qxf6
e5 22. Bxd7+ Rxd7 23. Nf5 Nxf5 24. Qxc6+ Kd8 25. Qf6+ Ne7 26. dxe5 Qxa3 27. e6
Rb7 28. Bf4 Qa4 29. Rd1 Qc6 30. Rxd5+ 1-0

[Event "4NCL Division 1a"]
[Site "Hinckley Island ENG"]
[Date "2014.01.11"]
[Round "3.128"]
[White "Bremner, Adam"]
[Black "Regan, Natasha K"]
[Result "1/2-1/2"]
[WhiteElo "2189"]
[BlackElo "2071"]
[PlyCount "136"]
[EventDate "2014.01.11"]
[WhiteTeam "Grantham Sharks 1"]
[BlackTeam "Barbican 4NCL 2"]

1. e4 Nf6 2. e5 Nd5 3. d4 d6 4. Nf3 dxe5 5. Nxe5 c6 6. Be2 Nd7 7. Nf3 g6 8. O-O
Bg7 9. c4 Nc7 10. Nc3 O-O 11. Be3 e5 12. Qc2 exd4 13. Bxd4 Nf6 14. Rad1 Bf5 15.
Bd3 Bxd3 16. Rxd3 Qe7 17. Qb3 Ne6 18. Be5 Rfd8 19. Rfd1 Rxd3 20. Rxd3 Rd8 21.
Qd1 Rxd3 22. Qxd3 Qd7 23. Qxd7 Nxd7 24. Bxg7 Kxg7 25. Kf1 f5 26. g3 Kf6 27. Ke2
Ne5 28. Nxe5 Kxe5 29. Ke3 g5 30. b4 h5 31. h3 h4 32. Ne2 f4+ 33. Kf3 fxg3 34.
fxg3 hxg3 35. Kxg3 Ke4 36. Kg4 Nf4 37. Ng1 Ne6 38. Nf3 Kd3 39. Nxg5 Ng7 40. c5
Kc4 41. Ne4 Kxb4 42. h4 Kc4 43. Kg5 Kd4 44. Ng3 Ke5 45. Kg6 Ne6 46. Ne2 Nf8+
47. Kf7 Nh7 48. h5 b6 49. Kg6 Nf8+ 50. Kf7 Nh7 51. cxb6 axb6 52. a4 c5 53. h6
c4 54. Nc3 Kf5 55. Nd5 Ke4 56. Nxb6 c3 57. Nc4 c2 58. Nd2+ Kd3 59. Nb3 Kc3 60.
Nc1 Kb4 61. Kg6 Nf8+ 62. Kg7 Ne6+ 63. Kf7 Ng5+ 64. Kg6 Ne6 65. Kf6 Nf8 66. Kf7
Nh7 67. Kg7 Ng5 68. Kg6 Ne6 1/2-1/2

[Event "4NCL Division 1a"]
[Site "Hinckley Island ENG"]
[Date "2014.01.11"]
[Round "3.131"]
[White "Zakarian, David"]
[Black "Cherniaev, Alexander"]
[Result "1-0"]
[WhiteElo "2406"]
[BlackElo "2439"]
[PlyCount "131"]
[EventDate "2014.01.11"]
[WhiteTeam "Oxford 1"]
[BlackTeam "Wood Green HK 2"]

1. e4 d6 2. d4 Nf6 3. Nc3 c6 4. Nf3 Bg4 5. h3 Bh5 6. Be2 e6 7. Be3 Be7 8. Nd2
Bg6 9. O-O d5 10. e5 Nfd7 11. Nb3 a5 12. a4 Na6 13. Bd3 Bxd3 14. Qxd3 O-O 15.
Qd2 Bb4 16. f4 f6 17. Qe2 Re8 18. Nd1 Bf8 19. Nf2 b6 20. c3 c5 21. Nd2 Qc8 22.
exf6 Nxf6 23. Ng4 Be7 24. Ne5 cxd4 25. Bxd4 Nc5 26. g4 Nfe4 27. Nxe4 Nxe4 28.
Qe3 Bd6 29. Rf3 Rb8 30. Rc1 Rb7 31. c4 Bc5 32. Kg2 Bxd4 33. Qxd4 Qc5 34. Rd1 g5
35. f5 Qxd4 36. Rxd4 Nf6 37. fxe6 Rxe6 38. cxd5 Rd6 39. Rf5 Rxd5 40. Rxg5+ Kh8
41. Rxd5 Nxd5 42. Nc4 Rc7 43. b3 Rd7 44. Kf3 Nb4 45. Ne5 Re7 46. h4 Na6 47. Nd3
Re6 48. Rd5 h6 49. Kf4 Kg7 50. Rd7+ Kf8 51. Ra7 Nb4 52. Nxb4 axb4 53. Rd7 Rf6+
54. Ke3 Re6+ 55. Kd3 Rc6 56. Kd2 Rf6 57. Rd4 Rf2+ 58. Ke1 Rh2 59. h5 Rc2 60.
Rxb4 Rc6 61. Kd2 Kf7 62. Rc4 Rd6+ 63. Kc3 Kf6 64. Rc8 Kf7 65. Kc4 Rf6 66. Kb5
1-0

[Event "4NCL Division 1a"]
[Site "Hinckley Island ENG"]
[Date "2014.01.11"]
[Round "3.132"]
[White "Greet, Andrew N"]
[Black "Tan, Justin"]
[Result "0-1"]
[WhiteElo "2429"]
[BlackElo "2313"]
[PlyCount "160"]
[EventDate "2014.01.11"]
[WhiteTeam "Wood Green HK 2"]
[BlackTeam "Oxford 1"]

1. d4 d5 2. c4 c6 3. Nf3 Nf6 4. e3 Bg4 5. Qb3 Qb6 6. Nc3 e6 7. Nh4 Bh5 8. h3 g5
9. Nf3 h6 10. Ne5 Nfd7 11. Nd3 Be7 12. h4 gxh4 13. c5 Qc7 14. e4 Bg5 15. f4 Be7
16. Be3 Bg4 17. Nf2 h5 18. f5 b6 19. cxb6 Nxb6 20. Nxg4 hxg4 21. Qc2 Qg3+ 22.
Bf2 Qf4 23. fxe6 fxe6 24. Bd3 g3 25. Bg1 Bg5 26. Qe2 N8d7 27. Kd1 O-O-O 28. Kc2
Rhf8 29. Re1 Nf6 30. exd5 Nfxd5 31. a3 Rfe8 32. Ne4 Be7 33. Nc5 Bxc5 34. dxc5
Qa4+ 35. Kc1 Nd7 36. Qe4 Qa5 37. Rxh4 N7f6 38. Qe5 Nc7 39. Rd1 Nfd5 40. Qxg3
Nc3 41. Rd2 Rg8 42. Qe5 Nb1 43. Rd1 Nxa3 44. Rd4 Rxd4 45. Qxd4 Nab5 46. Bxb5
Qxb5 47. Qd7+ Kb7 48. Bh2 Qxc5+ 49. Kb1 Qf5+ 50. Kc1 Qg5+ 51. Rd2 Rg7 52. Qd4
Nb5 53. Qe4 Rd7 54. Qf4 Qxf4 55. Bxf4 Nd4 56. Kd1 c5 57. b4 Rf7 58. g3 e5 59.
bxc5 Kc6 60. Rd3 exf4 61. Rxd4 f3 62. Ke1 Kxc5 63. Re4 a5 64. Kf2 Kb5 65. Re5+
Kb4 66. Re4+ Kb3 67. Re3+ Kb2 68. Re4 Ra7 69. Kxf3 a4 70. Rb4+ Kc3 71. Rb1 a3
72. g4 a2 73. Ra1 Kb2 74. Rxa2+ Rxa2 75. Ke4 Kc3 76. Kf5 Kd4 77. g5 Kd5 78. Kf6
Kd6 79. g6 Rf2+ 80. Kg7 Ke7 0-1

[Event "4NCL Division 1a"]
[Site "Hinckley Island ENG"]
[Date "2014.01.11"]
[Round "3.133"]
[White "Eckersley-Waites, Tom"]
[Black "Pert, Richard G"]
[Result "0-1"]
[WhiteElo "2274"]
[BlackElo "2433"]
[PlyCount "96"]
[EventDate "2014.01.11"]
[WhiteTeam "Oxford 1"]
[BlackTeam "Wood Green HK 2"]

1. e4 e6 2. d4 d5 3. e5 c5 4. c3 Nc6 5. Nf3 Bd7 6. Be2 Nge7 7. Na3 cxd4 8. cxd4
Nf5 9. Nc2 Qb6 10. h4 Na5 11. Bd3 Ne7 12. Na3 Nec6 13. Bd2 a6 14. Rb1 Nb4 15.
Bxb4 Bxb4+ 16. Kf1 Nc6 17. h5 Be7 18. Nc2 Nb4 19. Nxb4 Qxb4 20. a3 Qb6 21. b4
Bb5 22. a4 Bxd3+ 23. Qxd3 Rc8 24. b5 Rc4 25. h6 g6 26. Ke2 O-O 27. Rhc1 Rfc8
28. Rxc4 dxc4 29. Qe4 c3 30. a5 Qc7 31. bxa6 bxa6 32. Ne1 Bg5 33. Nc2 Bxh6 34.
Rb7 Qxa5 35. Qf3 Rf8 36. Qc6 Bd2 37. Kd3 Qd8 38. g3 Qg5 39. Qf3 a5 40. Ra7 Bc1
41. Ne3 Bxe3 42. fxe3 Qd8 43. Kxc3 Qc8+ 44. Kb3 Qc1 45. Ka4 Qc3 46. Rb7 Qa1+
47. Kb5 a4 48. Ra7 Qb2+ 0-1

[Event "4NCL Division 1a"]
[Site "Hinckley Island ENG"]
[Date "2014.01.11"]
[Round "3.134"]
[White "Houska, Jovanka"]
[Black "Harvey, Marcus R"]
[Result "1/2-1/2"]
[WhiteElo "2415"]
[BlackElo "2270"]
[PlyCount "77"]
[EventDate "2014.01.11"]
[WhiteTeam "Wood Green HK 2"]
[BlackTeam "Oxford 1"]

1. d4 e6 2. c4 Nf6 3. Nf3 Bb4+ 4. Bd2 Be7 5. Nc3 d5 6. Bf4 O-O 7. e3 c5 8. dxc5
Nc6 9. cxd5 exd5 10. Be2 Be6 11. O-O Bxc5 12. Rc1 a6 13. Na4 Ba7 14. Ne5 Rc8
15. Nxc6 Rxc6 16. Rxc6 bxc6 17. Qc2 d4 18. exd4 Qxd4 19. Be3 Qd7 20. Nc5 Bxc5
21. Bxc5 Bf5 22. Qa4 Rb8 23. Rd1 Nd5 24. Qd4 Qb7 25. b3 Re8 26. Bc4 h6 27. h3
Bc2 28. Rc1 Bg6 29. Qd2 Kh7 30. Rd1 Qc8 31. Re1 Rxe1+ 32. Qxe1 Qf5 33. b4 Qc2
34. Qe2 Qc1+ 35. Kh2 Nf4 36. Qf1 Qxf1 37. Bxf1 Bd3 38. Be3 Bxf1 39. Bxf4
1/2-1/2

[Event "4NCL Division 1a"]
[Site "Hinckley Island ENG"]
[Date "2014.01.11"]
[Round "3.135"]
[White "Savage, Ben DM"]
[Black "Haydon, David L"]
[Result "1/2-1/2"]
[WhiteElo "2265"]
[BlackElo "2280"]
[PlyCount "67"]
[EventDate "2014.01.11"]
[WhiteTeam "Oxford 1"]
[BlackTeam "Wood Green HK 2"]

1. Nf3 c6 2. c4 d5 3. b3 Nf6 4. Bb2 Bf5 5. g3 e6 6. Bg2 Nbd7 7. O-O Be7 8. d3
O-O 9. Nbd2 a5 10. a3 Qb6 11. Nh4 Bg6 12. Nxg6 hxg6 13. d4 Rfd8 14. Qc2 c5 15.
cxd5 exd5 16. e3 cxd4 17. Bxd4 Bc5 18. Nf3 Bxd4 19. Nxd4 Rac8 20. Qe2 Nc5 21.
Rab1 Nce4 22. Rbc1 Rc5 23. Rc2 Rdc8 24. Rfc1 Rxc2 25. Rxc2 Rc5 26. Qd3 Qd6 27.
b4 axb4 28. axb4 Rxc2 29. Qxc2 Qxb4 30. Qc8+ Kh7 31. Qh3+ Kg8 32. Qc8+ Kh7 33.
Qh3+ Kg8 34. Qc8+ 1/2-1/2

[Event "4NCL Division 1a"]
[Site "Hinckley Island ENG"]
[Date "2014.01.11"]
[Round "3.136"]
[White "Lee, Graham D"]
[Black "Coleman, James"]
[Result "1/2-1/2"]
[WhiteElo "2249"]
[BlackElo "2141"]
[PlyCount "70"]
[EventDate "2014.01.11"]
[WhiteTeam "Wood Green HK 2"]
[BlackTeam "Oxford 1"]

1. Nf3 Nf6 2. c4 c5 3. g3 b6 4. Bg2 Bb7 5. O-O g6 6. Nc3 Bg7 7. b3 O-O 8. Bb2
d6 9. d4 cxd4 10. Nxd4 Bxg2 11. Kxg2 Nbd7 12. e4 Qc8 13. Qd2 Qb7 14. f3 a6 15.
Rac1 Rac8 16. Rc2 Ne5 17. Rfc1 e6 18. Qe2 Rfd8 19. f4 Nc6 20. Nxc6 Qxc6 21. Qf3
b5 22. cxb5 axb5 23. e5 dxe5 24. Qxc6 Rxc6 25. Nxb5 Rxc2+ 26. Rxc2 exf4 27.
gxf4 Nd5 28. Kf3 Nb4 29. Re2 Rd3+ 30. Kg2 Bxb2 31. Rxb2 Nd5 32. Rf2 Ne3+ 33.
Kg3 Nf5+ 34. Kg2 Ne3+ 35. Kg3 Nf5+ 1/2-1/2

[Event "4NCL Division 1a"]
[Site "Hinckley Island ENG"]
[Date "2014.01.11"]
[Round "3.137"]
[White "Rawlinson, Aidan M"]
[Black "Hegarty, Sarah N"]
[Result "1-0"]
[WhiteElo "2143"]
[BlackElo "2112"]
[PlyCount "51"]
[EventDate "2014.01.11"]
[WhiteTeam "Oxford 1"]
[BlackTeam "Wood Green HK 2"]

1. d4 d5 2. c4 e6 3. Nf3 c6 4. e3 Nf6 5. b3 Nbd7 6. Bb2 Bd6 7. Bd3 b6 8. Ne5
Bb7 9. O-O dxc4 10. Nxc4 Bb8 11. e4 Nxe4 12. Bxe4 Qh4 13. f4 Bxf4 14. g3 Bxg3
15. hxg3 Qxg3+ 16. Bg2 c5 17. Qe2 b5 18. Nd6+ Qxd6 19. Bxb7 Rb8 20. Bg2 cxd4
21. Qf2 Nf6 22. Qxd4 Rd8 23. Qxd6 Rxd6 24. Nc3 b4 25. Nb5 Rd2 26. Bxf6 1-0